Australia by Letter - J - Statistics

General Stats
  • This quiz has been taken 18 times
  • The average score is 6 of 10
Answer Stats
Hint Answer % Correct
A baby marsupial, especially a young kangaroo Joey
100%
What Australians call a sweater or pullover Jumper
82%
The male equivalent of a jillaroo (a young person working on a sheep or cattle station) Jackaroo
76%
"I like Aeroplane _____, Aeroplane _____ for me" Jelly
59%
Non-self governing external territory located on the south coast of New South Wales Jervis Bay
53%
"Down came a _______ to drink at the billabong" Jumbuck
53%
Alpine town with an eponymous lake - known as "the gateway to the Snowy Mountains" Jindabyne
47%
Northern Perth's main urban centre, a suburb ending in -up Joondalup
47%
Australian name for a grilled cheese or toasted sandwich Jaffle
41%
Northern Territory town in Kakadu National Park; shares its name with a black-necked stork Jabiru
35%
No matching quizzes found
Score Distribution
Percent of People with Each Score
Percentile by Number Answered
Your Score History
You have not taken this quiz